Low Life - Future feat. The Weeknd (Full lyrics) - Statistics

General Stats
  • This quiz has been taken 43 times
  • The average score is 437 of 673
Answer Stats
Lyrics % Correct
I
100%
a
93%
the
93%
like
86%
to
86%
Go
83%
go
83%
in
83%
it
83%
what
83%
you
83%
and
79%
And
79%
bitch
79%
Bitch
79%
Bitch,
79%
up?
79%
up,
79%
up
79%
with
79%
Got
76%
got
76%
It's
76%
it's
76%
life
76%
life,
76%
low
76%
Low
76%
me
76%
me,
76%
on
76%
She
76%
she
76%
some
76%
turn
76%
Turn
76%
your
76%
for
72%
If
72%
I'm
72%
molly,
72%
molly
72%
never
72%
no
72%
of
72%
that
72%
Ace
69%
been
69%
catch
69%
cheating,
69%
from
69%
get
69%
her
69%
her,
69%
house
69%
my
69%
My
69%
sip
69%
"sorry"
69%
take
69%
we
69%
Baby
66%
baby
66%
down
66%
fuck
66%
'head
66%
just
66%
now
66%
Now
66%
Spade
66%
tell
66%
them
66%
water
66%
all
62%
Always
62%
always
62%
body
62%
daughter
62%
else?
62%
feel
62%
Gettin'
62%
gettin'
62%
Girl,
62%
girl,
62%
ha
62%
how
62%
into
62%
out
62%
out,
62%
Pakistan,
62%
show
62%
they
62%
time
62%
time,
62%
Wake
62%
West
62%
whole
62%
Wifey,
62%
wifey,
62%
wifey
62%
wifey?
62%
anybody
59%
bitches
59%
'Cause
59%
cost
59%
East
59%
ever
59%
floor
59%
four
59%
fuckin'
59%
have
59%
legs
59%
military
59%
nigga
59%
number
59%
reppin'
59%
Reppin'
59%
Ritz
59%
room
59%
service
59%
Side
59%
Side,
59%
side
59%
Sniper,
59%
sniper,
59%
sniper
59%
ten
59%
this
59%
This
59%
took
59%
will
59%
club
55%
coast
55%
Ferraris
55%
five
55%
hotel
55%
lie,
55%
money
55%
own
55%
'Raris
55%
think
55%
try
55%
us
55%
wide
55%
Xans
55%
Bentleys,
52%
bill
52%
change
52%
crib
52%
don't
52%
everywhere,
52%
eviction
52%
faded
52%
gon'
52%
kissin'
52%
line
52%
momma
52%
phone
52%
pills
52%
poor
52%
Roaches
52%
star
52%
traphouse
52%
used
52%
was
52%
yeah
52%
Yeah
52%
Yeah,
52%
ash
48%
camo'd
48%
can't
48%
face,
48%
forgot
48%
juice
48%
kicked
48%
North
48%
pain
48%
peakin'
48%
plane,
48%
repping
48%
sixth
48%
Taking
48%
trash
48%
waste
48%
'Bout
45%
co-sign
45%
free
45%
ice,
45%
know
45%
lean
45%
locked
45%
nauseous
45%
niggas
45%
Niggas
45%
penitenti'
45%
Poppin'
45%
tags
45%
tags,
45%
wave,
45%
won't
45%
Adderall,
41%
broads,
41%
chartered
41%
Flood
41%
I'ma
41%
Porsches
41%
quick
41%
religion
41%
salty
41%
stereotypin'
41%
tryna
41%
back
38%
cross
38%
keep
38%
killed
38%
Lambs,
38%
Oh,
38%
Ricky
38%
ride
38%
rifles
38%
Runnin'
38%
squad,
38%
starvin'
38%
diapers
34%
Getting
34%
getting
34%
high,
34%
high
34%
ho's
34%
Said
34%
Shoot
34%
snipers
34%
stunt
34%
valet,
34%
why
34%
afterlife
31%
bottles
31%
Mexico,
31%
Follies
28%
That's
28%
that's
28%
twenty
28%
Keepin'
24%
Li'l
24%
wearin'
24%
carbine
21%
everybody
21%
reason
21%
wifeys
14%
No matching quizzes found
Score Distribution
Percent of People with Each Score
Percentile by Number Answered
Your Score History
You have not taken this quiz